Complete the Card - WWE Vengeance 2001 - Statistics

General Stats
  • This quiz has been taken 191 times
  • The average score is 17 of 20
Answer Stats
Answer % Correct
Stone Cold Steve Austin
100%
Chris Jericho
99%
The Rock
98%
Jeff Hardy
97%
Matt Hardy
97%
Trish Stratus
96%
Kurt Angle
94%
The Undertaker
93%
Bubba Ray Dudley
91%
D-Von Dudley
91%
Edge
91%
Rob Van Dam
91%
Kane
87%
Christian
84%
William Regal
83%
Test
80%
The Big Show
80%
Jacqueline
67%
Albert
59%
Scotty 2 Hotty
54%
No matching quizzes found
Score Distribution
Percent of People with Each Score
Percentile by Number Answered
Your Score History
You have not taken this quiz